| 000 | 00512nam a2200193Ia 4500 | ||
|---|---|---|---|
| 008 | 131103s9999 xx 000 0 und d | ||
| 040 | _aLoreto College | ||
| 041 | _aEnglish | ||
| 082 |
_a954.02/HAB _bLCBkB/538 |
||
| 100 | _aHabib, Mohammad | ||
| 245 |
_aSultan Mahmud of Ghaznin _cMohammad Habib |
||
| 250 | _a2nd ed | ||
| 260 |
_aDelhi _bS.Chand _c[19?] |
||
| 300 |
_a128p. _c 18cm. |
||
| 504 | _aIncludes bibliography & index | ||
| 650 | _aAncient history | ||
| 850 | _aLCBkB/954.02/HAB | ||
| 942 | _cBK | ||
| 999 |
_c35090 _d85569 |
||